Epidemiología : (Registro nro. 76819)

Detalles MARC
000 -CABECERA
campo de control de longitud fija 00715cam a22002412u 4500
001 - NÚMERO DE CONTROL
campo de control LIBRI-025446
003 - IDENTIFICADOR DEL NÚMERO DE CONTROL
campo de control AR-CrUNPB
007 - CAMPO FIJO DE DESCRIPCIÓN FÍSICA--INFORMACIÓN GENERAL
campo de control de longitud fija ta
008 - DATOS DE LONGITUD FIJA--INFORMACIÓN GENERAL
campo de control de longitud fija 170901s2009 mx r 000 0 spa d
020 ## - NÚMERO INTERNACIONAL ESTÁNDAR DEL LIBRO
Número Internacional Estándar del Libro 9789687988870
040 ## - FUENTE DE LA CATALOGACIÓN
Centro catalogador/agencia de origen AR-CrUNPB
082 0# - NÚMERO DE LA CLASIFICACIÓN DECIMAL DEWEY
Número de clasificación 614.4/E.27-1
Número de edición 20
245 00 - MENCIÓN DE TÍTULO
Título Epidemiología :
Resto del título diseño y análisis de estudios
255 ## - DATOS MATEMÁTICOS CARTOGRÁFICOS
Mención de escala .4
260 ## - PUBLICACIÓN, DISTRIBUCIÓN, ETC. (PIE DE IMPRENTA)
Lugar de publicación, distribución, etc. México, D.F. :
Nombre del editor, distribuidor, etc. Médica Panamericana ; Instituto Nacional de Salud Pública,
Fecha de publicación, distribución, etc. 2009
300 ## - DESCRIPCIÓN FÍSICA
Extensión xix, 385 p.
590 ## - NOTA LOCAL (RLIN)
Nota local Registros migrados a formato MARC
650 #7 - PUNTO DE ACCESO ADICIONAL DE MATERIA--TÉRMINO DE MATERIA
Término de materia o nombre geográfico como elemento inicial EPIDEMIOLOGIA
Fuente del encabezamiento o término Unescot
9 (RLIN) 2988
650 #7 - PUNTO DE ACCESO ADICIONAL DE MATERIA--TÉRMINO DE MATERIA
Término de materia o nombre geográfico como elemento inicial SALUD DE LA COMUNIDAD
Fuente del encabezamiento o término Unescot
9 (RLIN) 5639
700 1# - PUNTO DE ACCESO ADICIONAL--NOMBRE DE PERSONA
Nombre de persona Hernández Avila, Mauricio
Término indicativo de función/relación ed.
942 ## - ELEMENTOS DE PUNTO DE ACCESO ADICIONAL (KOHA)
Tipo de ítem Koha Libros
910 ## - Autoría del registro
Catalogador/fecha MS20110621
Existencias
Estado de retiro Estado de pérdida Estado dañado No para préstamo Localización permanente Ubicación/localización actual Fecha de adquisición Total de préstamos Signatura topográfica completa Código de barras Fecha visto por última vez Precio válido a partir de Tipo de ítem Koha Fecha del último préstamo
En estantería Presente   Para el préstamo Com. Rivadavia: Biblioteca Central "Dr. Eduardo Musacchio" Com. Rivadavia: Biblioteca Central "Dr. Eduardo Musacchio" 27/09/2017   614.4/E.27-1 C46312 27/09/2017 27/09/2017 Libros  
En estantería Presente   Para el préstamo Com. Rivadavia: Biblioteca Central "Dr. Eduardo Musacchio" Com. Rivadavia: Biblioteca Central "Dr. Eduardo Musacchio" 27/09/2017 1 614.4/E.27-1 C46313 22/04/2024 27/09/2017 Libros 22/04/2024

Con tecnología Koha